000 00280nam a22001337a 4500
008 180216b xxu||||| |||| 00| 0 eng d
020 _a9780226470450
041 _aeng
080 _a32
100 _a24
101 _apol
245 _aforeign aid
_ccarol.l
942 _2udc
_cBK
999 _c42807
_d42807